| 000 | 01172nam a2200301Ia 4500 | ||
|---|---|---|---|
| 001 | ebr10078598 | ||
| 003 | CaPaEBR | ||
| 006 | m u | ||
| 007 | cr cn||||||||| | ||
| 008 | 021105s2004 at a s 001 0 eng d | ||
| 020 | _z1740760891 | ||
| 040 |
_aCaPaEBR _cCaPaEBR |
||
| 035 | _a(OCoLC)70774120 | ||
| 050 | 1 | 4 |
_aDS339 _b.N38 2004eb |
| 245 | 0 | 0 |
_aNavigating boundaries _h[electronic resource] : _bthe Asian diaspora in Torres Strait / _ceditors Anna Shnukal, Guy Ramsay and Yuriko Nagata. |
| 260 |
_aCanberra : _bPandanus Books, _cc2004. |
||
| 300 |
_a330 p. : _bill. |
||
| 500 | _aIncludes index. | ||
| 533 |
_aElectronic reproduction. _bPalo Alto, Calif. : _cebrary, _d2009. _nAvailable via World Wide Web. _nAccess may be limited to ebrary affiliated libraries. |
||
| 650 | 0 |
_aAsians _zTorres Strait. |
|
| 650 | 0 |
_aAsians _zForeign countries _xIntellectual life. |
|
| 655 | 7 |
_aElectronic books. _2local |
|
| 700 | 1 | _aShnukal, Anna. | |
| 700 | 1 | _aRamsay, Guy. | |
| 700 | 1 | _aNagata, Yuriko. | |
| 710 | 2 | _aebrary, Inc. | |
| 856 | 4 | 0 |
_uhttp://site.ebrary.com/lib/rucke/Doc?id=10078598 _zAn electronic book accessible through the World Wide Web; click to view |
| 999 |
_c54581 _d54581 |
||